000 00426nam a22001697a 4500
003 OSt
005 20211213150543.0
008 211213b |||||||| |||| 00| 0 eng d
020 _a0071181423
040 _cHU
082 _a657.45
100 _aWHITTINGTON AND.RAY
_922826
245 _a PRINCIPLES OF AUDITINGAND OTHER ASSURANCE SERVICES
260 _aNEW YORK
_bNEW DELHI
_c2000
300 _a816
942 _2ddc
_cBOOKS
_n0
999 _c22419
_d22419